Participative institutions in Brazil: Mayor and the expansion of accountability in comparative perspective /

保存先:
書誌詳細
第一著者: Wampler, Brian
フォーマット: テキスト
タグ: タグ追加
タグなし, このレコードへの初めてのタグを付けませんか!

MARC

LEADER 00000 a a2200000 04500
001 41549
003
040
100 |a Wampler, Brian  
245 |a Participative institutions in Brazil:   |b Mayor and the expansion of accountability in comparative perspective /  |c Brian Wampler  
773 |g número97 (2009), páginas77-97  
999 |c 37910  |d 37910